000 01226nam a2200301 4500
003 EC-UNACH
005 20251205120905.0
006 s||||gr|||| 00| 00
008 150116t9999 mx r gr 000 0 spa d
020 _a978-9978-392-01-0
040 _aEC-UNACH
_cEC-UNACH
041 _aspa
082 0 4 _223
_a348.04
_bL018431
110 _aEditora Juridica
245 _aComo analizar una argumentación jurídica
250 _aPrimera edición
264 _aEcuador
_bEditora Juridica
_c2016
300 _a139
505 _a1- Exposición del método (Manuel Atienza) 2- El método aplicado a la jurisprudencia ecuatoriana ( Manuel Atienza y Alí Lozada Prado) 2.1 : Caso ´Movimiento País´ 2.2 Caso Loyola Vásquez 2.3 Caso Gámbala Móntese 2.4 Caso Game Muñoz y Luna Narváez 2.5 Caso junta Electoral de orellana 2.6 Algunas pautas para la argumentación judicial Un acercamiento a los autores Bibliografía
650 _aEXPOSICIÓN DEL METODO
650 _aANALIZAR
650 _aEVALUAR Y ARGUMENTAR
700 _aManuel Atienza / Alí Lozada Prado
942 _2ddc
_c1
999 _c14258